| 000 | 00606nam a22001937a 4500 | ||
|---|---|---|---|
| 005 | 20251108173347.0 | ||
| 008 | 250721s9999 xx 000 0 ara d | ||
| 082 | 1 | 4 | _aم/811.2 |
| 100 | 1 | _aالخنساء، تماضر بنت عمرو بن الحرث | |
| 245 | 1 | 0 | _aشرح ديوان الخنساء / |
| 264 | 1 |
_aبيروت : _bدار مكتبة الحياة، _c[19-]. |
|
| 300 | _a152ص. | ||
| 490 | 0 | _aمن التراث العربي | |
| 650 | 1 | 7 | _aالشعر العربي |
| 650 | 1 | 7 | _aالعصر الجاهلي |
| 650 | 1 | 7 | _aالعصر الإسلامي |
| 942 |
_2ddc _cBK |
||
| 999 |
_c102088 _d102088 |
||